[Event "Remote email"]
[Site "Remote email"]
[Date "2014.03.09"]
[Round "?"]
[White "Daniel, Achim"]
[Black "Gue, Gue"]
[Result "0-1"]
[WhiteElo "1898"]
[BlackElo "2155"]
[PlyCount "46"]
[EventDate "2014.??.??"]
[EventType "tourn (corr)"]
[EventRounds "6"]
[EventCountry "GER"]
[SourceTitle "Corr 2015"]
[Source "ChessBase"]
[SourceDate "2015.07.17"]
[SourceVersion "1"]
[SourceVersionDate "2015.07.17"]
[SourceQuality "1"]

1. Nf3 e6 2. g3 d5 3. d4 c5 4. c4 dxc4 5. Qa4+ Nc6 6. dxc5 Bxc5 7. Qxc4 b6 8. Bg2 Bb7 9. 0-0 Rc8 10. Bd2 Nf6 11. e3 0-0 12. b4 Be7 13. a3 Nxb4 14. Qe2 Nc2 15. Ra2 Bd5 16. Rb2 Nxa3 17. Nxa3 Bxa3 18. Bb4 Bc4 19. Rd2 Bxe2 20. Rxd8 Bxb4 21. Rxf8+ Kxf8 22. Rb1 a5 23. Nd4 Bd3 0-1